MDQL
is popping MORE tags! Check the
thread
!
Quizzes
Events
Quiz Creation
Community
Videos
Private Events
Remove Ads
Sign In
Join for FREE
Feedback
Dark Mode
Quiz Categories
Sports
Geography
Music
Movies
Television
Just For Fun
Miscellaneous
History
Literature
Language
Science
Gaming
Entertainment
Religion
Holiday
For Kids
Quiz Lab
Recent
Popular Today
Quiz Kudos Today
Editor Picks
Curator Picks
Quizzes by...
Day
Popularity
Type
Ratings
Length
Year
Community
Subscriptions
Recent Discussions
Orange Saloon
Badges
Playlists
Quests
Create
Leaderboards
Showdown
Live 5
Trivia Bingo
Activity
Puzzle Library
Sporcle Events
Private Events
Virtual Trivia
Globe League
Become a Host
Pub Owners
SporcleCon
Opinionation
Our Games
Videos
Blog
Mobile Apps
Partnerships
Remove Ads and Go Orange
Feedback
Music
Pop Music
The Beatles
Song
Album
Lyrics
Bands
Singers
Artist
Clip
Rock
Rap
Classical
Billboard
Country Music
Kpop
Taylor Swift
Music
Pop Music
The Beatles
Song
Album
Lyrics
Bands
Singers
Artist
Clip
Rock
Rap
Classical
Billboard
Country Music
Kpop
Taylor Swift
Random Quiz
Search Sporcle
×
Quiz Lab
Quiz Lab
Music
Song
Type in answers that appear in a list
Type in answers that appear in a list
Classic
Best Score? Go Orange.
Children of Bodom Songs Stats
Can you name the Children of Bodom Songs?
By
fuzzaycrisis
10m
61 Questions
511 Plays
511 Plays
511 Plays
Comments
Comments
Give Quiz Kudos
Give Quiz Kudos
-
- Ratings
hide this ad
Replay
Link that replays current quiz
Next Quiz
Link to next quiz in quiz playlist
You Got
0%
They Got
Avg Score
58%
Avg Friend Score
Upgrade to see
Score Distribution
Jump to the score distribution portion of the page
Score
0/61
Timer
10:00
0
Plays Today
Album:
Song:
% Correct
Are You Dead Yet?
Are You Dead Yet?
92%
Follow the Reaper
Follow the Reaper
88.8%
Blooddrunk
Blooddrunk
85.9%
Hatebreeder
Hatebreeder
85.3%
Hate Crew Deathroll
Hate Crew Deathroll
84%
Something Wild
Lake Bodom
83%
Follow the Reaper
Hate Me!
77.9%
Hate Crew Deathroll
Needled 247
77.3%
Are You Dead Yet?
In Your Face
75.5%
Hatebreeder
Silent Night, Bodom Night
74.6%
Hatebreeder
Downfall
74.6%
Hate Crew Deathroll
Angels Don't Kill
72.4%
Follow the Reaper
Bodom After Midnight
72%
Hatebreeder
Children of Bodom
71.8%
Follow the Reaper
Everytime I Die
70.6%
Hate Crew Deathroll
Sixpounder
70.5%
Hate Crew Deathroll
Bodom Beach Terror
70.3%
Are You Dead Yet?
Living Dead Beat
68.3%
Hatebreeder
Bed of Razors
67.7%
Relentless Reckless Forever
Relentless Reckless Forever
65.8%
Follow the Reaper
Kissing the Shadows
65.4%
Something Wild
Deadnight Warrior
63%
Follow the Reaper
Mask of Sanity
62.8%
Hatebreeder
Warheart
61.8%
Are You Dead Yet?
If You Want Peace...Prepare for War
60.5%
Hatebreeder
Black Widow
59.9%
Follow the Reaper
Children of Decadence
59.3%
Something Wild
Red Light in my Eyes, Part 1
58.5%
Something Wild
Red Light in my Eyes, Part 2
58.5%
Blooddrunk
Hellhounds on my Trail
57.1%
Are You Dead Yet?
Trashed, Lost & Strungout
56.8%
Album:
Song:
% Correct
Something Wild
The Nail
56.2%
Are You Dead Yet?
Punch Me I Bleed
56.2%
Are You Dead Yet?
Bastards of Bodom
56%
Follow the Reaper
Taste of my Scythe
52.8%
Are You Dead Yet?
We're Not Gonna Fall
52.4%
Hatebreeder
Towards Dead End
52.3%
Hate Crew Deathroll
Triple Corpse Hammerblow
51.1%
Are You Dead Yet?
Next in Line
50.3%
Blooddrunk
Tie My Rope
50.3%
Follow the Reaper
Northern Comfort
49.9%
Blooddrunk
LoBodomy
49.9%
Something Wild
In the Shadows
49.7%
Relentless Reckless Forever
Was it Worth it?
49.5%
Hate Crew Deathroll
Chokehold
47.7%
Something Wild
Touch Like Angel of Death
47.6%
Relentless Reckless Forever
Not My Funeral
46.8%
Relentless Reckless Forever
Pussyfoot Miss Suicide
46.6%
Relentless Reckless Forever
Shovel Knockout
46.4%
Hate Crew Deathroll
Lil' Bloodred Ridin' Hood
46%
Relentless Reckless Forever
Ugly
46%
Blooddrunk
Banned from Heaven
45.8%
Blooddrunk
Smile Pretty for the Devil
43.4%
Hatebreeder
Wrath Within
41.3%
Hate Crew Deathroll
You're Better off Dead
41.3%
Relentless Reckless Forever
Northpole Throwdown
39.3%
Blooddrunk
Roadkill Morning
37.4%
Blooddrunk
Done With Everything, Die for Nothing
34.8%
Relentless Reckless Forever
Cry of the Nihilist
34.8%
Relentless Reckless Forever
Roundtrip to Hell and Back
31.1%
Blooddrunk
One Day You Will Cry
29.9%
Quiz Playlist
Details
Report
Send in Message
Add To Playlist
Classic:
Type in answers that appear in a list
Last Updated: Feb 16, 2017
Quiz Scoreboard
CHALLENGE
Sign Up to Join the Scoreboard
Show All
Scores
Hide
Comments
May contain spoilers
Recently Published
1-10 Letter E Words III
by El_Dandy
Language
2m
Street Fighter Characters
by Artimus82
Gaming
60s
College Basketball Coaching Resumes
by pancakes188
Sports
9m
More to Explore
Quiz From the Vault
Featured Blog Post
Where Did the Easter Bunny Come From?
hide this ad
You Might Also Like...
Tags
Song Quiz
Children
Today's Top Quizzes in Music
Browse Music
hide this ad
Today's Top Quizzes in Song
Browse Song
Top Contributed Quizzes in Music
1
Taylor Swift All Songs (2024)
2
Taylor Swift Logic Puzzle
3
Guess the Artist- 70s Songs
4
7-to-1: Billboard Hot 100 #1 Hits of 2010s
5
Sorting Albums and Songs
6
KPOP LOGIC QUIZ
7
Billboard Blitz: Aretha Franklin
8
Guess the Taylor Swift song (Mystery Song)
9
Guess The Taylor Swift Lyrics Song #1
10
Billboard Blitz: ABBA
Explore More
Trending Topics
Marvel
Kpop
Harry Potter
Crossword
Anime
NBA
Disney
Puzzle
WWE
Country
The Office
Song
NFL
Soccer
Pokémon
hide this ad
More By:
fuzzaycrisis
Quiz
Plays
Rating
Category
Featured
Created
Children of Bodom Songs
511
5.00
Music
Jun 14, 2011
Go to Creator's Profile
Score Distribution
Quiz Creator Spotlight
fuzzaycrisis
Follow
Send a Message
Quizzes Created
-
Created Quiz Play Count
-
More By This Creator
Popular Quizzes Today
1
Find the US States - No Outlines Minefield
2
Find the Countries of Europe - No Outlines Minefield
3
The Countries of the World
4
Find the US States
5
Risky Map Clicking: Biggest States A-Z
6
US States
7
Popular People in 1961
8
Movies - When Are They Set?
More Music Quizzes
300 Kpop Idols (2018)
Quiz Lab
Trending Quizzes
Risky Map Clicking: Least Populous States A-Z
USA Borders Longest to Shortest
1-10 Letter G Words
1-10 Letter F Words
Countries of the World: 200 Million BC
Recently Updated
Beyoncé Albums
pecheneg
Leaping Animals
pecheneg
Reality TV Shows (A-Z)
bhenderson79
Rickey Henderson's Hall of Fame Teammates
pecheneg
Champions League XIs: Arsenal
pecheneg
Quick Pick: Celebrities in WWE's Hall of Fame
aduchscher
A-Z Keypad Blitz II
pecheneg
Multiple Oscar Actors
pecheneg
Mystery Phrase Blitz: Oscar 'Best Actors'
pecheneg
F. Scott Fitzgerald Novels
LTH
Trending Topics
Disney
Harry Potter
Anime
Crossword
Marvel
Kpop
NBA
Soccer
Country
Puzzle
WWE
The Office
Song
NFL
Pokémon
Your Account Isn't Verified!
In order to create a playlist on Sporcle, you need to verify the email address you used during registration. Go to your
Sporcle Settings
to finish the process.
Report this User
Report this user for behavior that violates our
Community Guidelines
.
Details:
Send Report
Go to the Sporcle.com Mobile Site →
Comments